| 000 | 00685nam a2200217 i 4500 | ||
|---|---|---|---|
| 001 | bg | ||
| 245 | 0 | 0 |
_aWojewództwo zachodniopomorskie 2005 = _bZachodniopomorskie voivodships : podregiony, powiaty, gminy / _cUrząd Statystyczny w Szczecinie. |
| 260 |
_aSzczecin : _bUS, _c2005. |
||
| 300 |
_a269 s. ; _c24 cm. |
||
| 500 | _aTekst równol. pol., ang. | ||
| 651 | 9 |
_aZachodniopomorskie, województwo _zstan na 2004 r. |
|
| 655 | _aDane statystyczne | ||
| 710 | 0 | _aUrząd Statystyczny (Szczecin) | |
| 020 | _a1733103X | ||
| 040 | _cBPK | ||
| 041 | w | _apoleng | |
| 080 | _a311.3(438)(083.41) | ||
| 920 | _a1733-103X | ||
| 942 | _cKS | ||
| 008 | s pl f |000 0 pol | ||
| 999 |
_c35466 _d35466 |
||
| 856 |
_uhttp://koha.tu.koszalin.pl/cgi-bin/koha/opac-detail.pl?biblionumber=35466 _yKatalog online BPK |
||